000 01187cam a2200337 i 4500
001 2835
005 20240116153248.0
020 _a9780763617103
040 _aNjBwBT
_beng
_cJBL
_erda
_dBDX
_dOCLCQ
_dOCLCF
_dTCH
_dDLC
050 0 0 _aPZ7.W1137
082 0 0 _a823.914
100 1 _aWaddell, Martin
_eauthor
245 1 0 _aOwl babies /
_cby Martin Waddell ; illustrated by Patrick Benson
250 _aFirst U.S. paperback edition 2002
260 _aMassachusetts :
_bCandlewick Press ;
_c1992
300 _a26 unnumbered pages :
_bcolor illustrations ;
_c22 cm.
505 _aJ
520 _aThree owl babies whose mother has gone out in the night try to stay calm while she is gone.
521 _a500
_bLexile
521 _aJ
_bRaz-Plus
650 0 _aBoard books.
650 1 _aOwls
_vFiction.
650 1 _aMother and child
_vFiction.
650 1 _aBoard books.
650 7 _aJUVENILE FICTION / Animals / Birds.
_2bisacsh
650 7 _aJUVENILE FICTION / Family / Parents.
_2bisacsh
650 7 _aJUVENILE FICTION / Bedtime & Dreams.
_2bisacsh
700 1 _aBenson, Patrick
_eillustrator
906 _a7
_bcbc
_ccopycat
_d2
_encip
_f20
_gy-gencatlg
942 _2ddc
_cBK
_n0
999 _c2835
_d2835